Congrès pour l'Etude de la Tuberculose chez l'homme et chez les animaux (Record no. 159016)

MARC details
000 -LEADER
campo de control de longitud fija 00993nam a2200193 i 4500
001 - NÚMERO DE CONTROL
campo de control 159016
003 - IDENTIFICADOR DE NÚMERO DE CONTROL
campo de control ES-MaACL
005 - FECHA Y HORA DE LA ÚLTIMA TRANSACCIÓN
campo de control 20250730025325.0
008 - DATOS DE LONGITUD FIJA--INFORMACIÓN GENERAL
campo de control de longitud fija 040908s1889 fr |||| | fre d
040 ## - FUENTE DE CATALOGACIÓN
Centro catalogador/agencia de origen CAM
Lengua de catalogación spa
Centro/agencia transcriptor CAM
100 1# - ENTRADA PRINCIPAL--NOMBRE DE PERSONA
Nombre de persona Martínez Vargas, Andrés,
Fechas asociadas al nombre 1861-1948
9 (RLIN) 78464
245 10 - MENCIÓN DEL TÍTULO
Título Congrès pour l'Etude de la Tuberculose chez l'homme et chez les animaux
Resto del título : 1re session du 25 au 31 juillet 1888 a Paris sous la présidence de A. Chauveau : Communication de Martinez Vargas (de Madrid), Valeur de la thérapeutique chirurgique dans les affections tuberculeuses.
260 ## - PUBLICACIÓN, DISTRIBUCIÓN, ETC.
Lugar de publicación, distribución, etc. Paris :
Nombre del editor, distribuidor, etc. G. Masson éditeur,
Fecha de publicación, distribución, etc. 1889 (
Fabricante Typ. G. Chamerot)
300 ## - DESCRIPCIÓN FÍSICA
Extensión 15 p. ;
Dimensiones 23 cm.
650 07 - PUNTO DE ACCESO ADICIONAL DE MATERIA--TÉRMINO DE MATERIA
Término de materia o nombre geográfico como elemento de entrada Tuberculosis
Fuente del encabezamiento o término embne
9 (RLIN) 17658
711 21 - ENTRADA AGREGADA--NOMBRE DE REUNIÓN
Nombre de congreso/reunión o jurisdicción como elemento de entrada Congrès pour l'Etude de la Tuberculose chez l'homme et chez les animaux (
Fecha del congreso o de la firma del tratado 1888.
Sede del congreso/Lugar de la reunión Paris)
9 (RLIN) 135121
852 ## - LOCALIZACIÓN
Ubicación ES-MaACL
Número de control de estantería T-528-F-9
Nota libre -- Enc. hol.
-- -- Regado del autor a la Biblioteca del Ateneo
-- -- Enc. en un vol. facticio
Holdings
Estatus retirado Estado de pérdida Estado de daño No para préstamo Colección Biblioteca de origen Biblioteca actual Ubicación en estantería Fecha de adquisición Total de préstamos Signatura topográfica completa Código de barras Visto por última vez Precio de reemplazo Tipo de ítem Koha
        Colección de folletos Biblioteca del Ateneo de Madrid Biblioteca del Ateneo de Madrid Depósito folletos 17/01/2008   T-528-F-9 1166462 23/02/2023 23/02/2023 Folleto